Sports Quiz

Random Sports or Football Quiz

2010-2011 Philadelphia 76ers Quiz Stats

 Plays Quiz not verified by Sporcle

Score 0/15 Timer 07:00
0 Plays Today
Number Player % Correct
42Elton Brand
95.1%
9Andre Iguodala
93.2%
11Jrue Holiday
92.2%
20Jodie Meeks
92.2%
23Lou Williams
92.2%
00Spencer Hawes
91.3%
21Thaddeus Young
83.5%
12Evan Turner
76.7%
Number Player % Correct
16Marreese Speights
70.9%
5Andres Nocioni
65%
4Tony Battie
54.4%
72Jason Kapono
52.4%
33Craig Brackins
48.5%
25Darius Songalia
30.1%
22Antonio Daniels
10.7%

You're not logged in!

Compare scores with friends on all Sporcle quizzes.
OR
Log In

Show Comments

Extras

Top Quizzes Today


Score Distribution

Your Account Isn't Verified!

In order to create a playlist on Sporcle, you need to verify the email address you used during registration. Go to your Sporcle Settings to finish the process.

Report this User

Report this user for behavior that violates our Community Guidelines.

Details: